東武野田線の駅 - Statistics

General Stats
  • This quiz has been taken 135 times
  • The average score is 26 of 35
Answer Stats
Hint Answer % Correct
TD-01 大宮
99%
TD-35 船橋
99%
TD-24
97%
TD-10 春日部
93%
TD-30 新鎌ヶ谷
89%
TD-22 流山おおたかの森
88%
TD-31 鎌ヶ谷
86%
TD-34 新船橋
86%
TD-03 大宮公園
85%
TD-17 野田市
85%
TD-02 北大宮
82%
TD-19 運河
82%
TD-25 新柏
80%
TD-06 岩槻
79%
TD-23 豊四季
79%
TD-15 清水公園
77%
TD-14 七光台
75%
TD-28 高柳
74%
TD-29 六実
73%
TD-07 東岩槻
71%
TD-11 藤の牛島
71%
TD-32 馬込沢
71%
TD-26 増尾
69%
TD-27 逆井
69%
TD-13 川間
66%
TD-20 江戸川台
66%
TD-04 大和田
64%
TD-05 七里
64%
TD-12 南桜井
64%
TD-21 初石
63%
TD-33 塚田
63%
TD-08 豊春
59%
TD-16 愛宕
59%
TD-18 梅郷
58%
TD-09 八木崎
55%
No matching quizzes found
Score Distribution
Percent of People with Each Score
Percentile by Number Answered
Your Score History
You have not taken this quiz